Statistics for All-Time Rosters for Every NBA Franchise

Click here to take the quiz!

General Stats

  • This quiz has been taken 1,670 times
  • The average score is 27 of 30

Answer Stats

PGSGSFPFCAnswer% Correct
Chris PaulBaron DavisJamal MashburnJamal MashburnAnthony DavisPelicans
98%
Chris PaulRandy SmithDanny ManningBlake GriffinBob McAdooClippers
97%
Tim HardawayDwayne WadeLeBron JamesChris BoshAlonzo MourningHeat
97%
Kyle LowryDeMar DeRozanVince CarterChris BoshAntonio DavisRaptors
97%
Penny HardawayTracy McGradyGrant HillDwight HowardShaquille O'NealMagic
96%
Jason KiddVince CarterJulius ErvingBuck WilliamsBrook LopezNets
96%
Baron DavisDell CurryGlen RiceLarry JohnsonAlonzo MourningHornets
95%
Terrell BrandonWally SzczerbiakSam MitchellKevin LoveKevin GarnettTimberwolves
95%
Mike ConleyTony AllenShane BattierZach RandolphMarc GasolGrizzlies
94%
Magic JohnsonKobe BryantElgin BaylorKareem Abdul-JabbarShaquille O'NealLakers
94%
Fat LeverDavid ThompsonAlex EnglishCarmelo AnthonyDikembe MutomboNuggets
94%
Steve FrancisJames HardenTracy McGradyMoses MaloneHakeem OlajuwonRockets
94%
Oscar RobertsonSidney MoncriefMarques JohnsonVin BakerKareem Abdul-JabbarBucks
93%
Walt FrazierEarl MonroeCarmelo AnthonyWillis ReedPatrick EwingKnicks
93%
Mark PriceKyrie IrvingLeBron JamesLarry NanceBrad DaughertyCavaliers
92%
Bob CousyJohn HavlicekPaul PierceLarry BirdBill RussellCeltics
92%
Steve NashRolando BlackmanMark AguirreDirk NowitzkiJames DonaldsonMavericks
92%
Freddie LewisReggie MillerPaul GeorgeGeorge McGinnisJermaine O'NealPacers
92%
Tony ParkerGeorge GervinKawhi LeonardTim DuncanDavid RobinsonSpurs
91%
Steve NashKevin JohnsonShawn MarionCharles BarkleyAlvan AdamsSuns
91%
Stephen CurryChris MullinRick BarryNate ThurmondWilt ChamberlainWarriors
91%
Allen IversonHal GreerJulius ErvingDolph SchayesWilt Chamberlain76ers
90%
Derrick RoseMichael JordanScottie PippenBob LoveArtis GilmoreBulls
90%
John StocktonPete MaravichAdrian DantleyKarl MaloneMark EatonJazz
90%
Isiah ThomasJoe DumansGrant HillBen WallaceBob LanierPistons
90%
Gilbert ArenasEarl MonroeGus JohnsonElvin HayesWes UnseldWizards
90%
Oscar RobertsonMitch RichmondJack TwymanJerry LucasChris WebberKings
89%
Pete MaravichLou HudsonDominique WilkinsDominique WilkinsDikembe MutomboHawks
88%
Terry PorterTerry PorteClyde DrexlerLaMarcus AldridgeBill WaltonBlazers
73%
Gary PaytonRussell WestbrookKevin DurantSpencer HaywoodJack SikmaThunder/SuperSonics
16%

Score Distribution

Percentile by Number Answered

Percent of People with Each Score

Your Score History

You have not taken this quiz